[Event "For those of us in need of a bit more practise!"]
[Site "SchemingMind.com"]
[Date "2007.03.25"]
[Round "-"]
[White "loulou19"]
[Black "Queeny"]
[Result "0-1"]
[WhiteCountry "GBR"]
[BlackCountry "ENG"]
[WhiteElo "1461"]
[WhiteRD "71"]
[BlackElo "1343"]
[BlackRD "94"]
[GameID "98163"]

1. e4 e5 2. Nf3 Nc6 3. d4 Nxd4 4. Nxd4 exd4 5. Qxd4 c5 6. Qe3 Be7 7. Bc4 d6 8. Qf3 Be6 9. Bxe6 fxe6 10. O-O Nf6
11. Bg5 d5 12. e5 Nd7 13. Bxe7 Qxe7 14. Nc3 Nxe5 15. Qe3 Nc4 16. Qe2 O-O 17. h3 Nxb2 18. Rab1 Nc4 19. a4 b6 20. Qg4 Nd2
21. Rbe1 Qf7 22. Rxe6 Nxf1 23. Kxf1 Qxf2#
0-1

[Event "For those of us in need of a bit more practise!"]
[Site "SchemingMind.com"]
[Date "2007.03.27"]
[Round "-"]
[White "joab"]
[Black "Queeny"]
[Result "1-0"]
[WhiteCountry "CAN"]
[BlackCountry "ENG"]
[WhiteElo "1357"]
[WhiteRD "50"]
[BlackElo "1343"]
[BlackRD "94"]
[GameID "98164"]

1. e4 e5 2. Nf3 Nc6 3. d4 f6 4. dxe5 Nxe5 5. Nxe5 fxe5 6. Qh5+ g6 7. Qxe5+ Qe7 8. Qxh8 Qxe4+ 9. Be3 Qb4+ 10. Nd2 Ne7
11. Bh6 d6 12. Qxf8+ Kd7 13. Qg7 d5 14. Bg5 b6 15. Be2 Bb7 16. Bxe7 Qxe7 17. Qxe7+ Kxe7 18. O-O g5 19. Rfe1 Kd6 20. Rad1 c5
21. Bf3 Rg8 22. Nc4+ Kc7 23. Bxd5 Rd8 24. Re7+
1-0